Statistiques concernant Acteurs coréens quiz

Cliquez ici pour prendre le quiz!

Statistiques générales

  • Ce quiz a été pris 77 fois
  • Le résultat moyen est 5 sur 22

Statistiques - réponses

Drama n°1Drama n°2Réponse% Correct
IslandRookie historianCha Eun woo
79%
Love alarmNavilleraSong Kang
65%
Mad dogMy country: The new ageWoo Do hwan
54%
The sound of magicTrue beautyHwang In yeop
43%
SnowdropOne spring nightJung Hae in
41%
The hymn of deathBig mouthLee Jong suk
37%
City hunterPachinkoLee Min ho
29%
Love all playSee you in my 19th lifeLee Chae min
26%
Mr.QueenCrash landing on youKim Jung hyun
25%
Memories of the AlhambraSecret gardenHyun Bin
21%
MemoristMy strange heroYoo Seung ho
18%
Lawless lawyerAgain my lifeLee Joon gi
16%
DodosollalasolSearch:wwwLee Jae wook
15%
Coffee princeSquid gameGong Yoo
13%
Gaus electronicsMy ID is Gangnam beautyKwak Dong yeon
12%
Daily dose of sunshineUndercoveryeon Woo jin
9%
TracerSummer strikeYim Si wan
4%
Like flower in the sandThe tale of NokduJang Dong yoon
3%
Oh my venusThe Master's sunSo Ji sub
3%
Love all playUnlock my bossChae Jong hyeop
1%
KairosVagabondShin Sung rok
0%
Soundtrack #2PachinkoSteve Noh
0%

Distribution des résultats

Percentile par nombre de réponses

% des personnes avec chaque résultat

Votre développement - résultats

Vous n’avez pas pris ce quiz